Statistics for Horror Movie Franchises #39: The Blair Witch Project

Click here to take the quiz!

General Stats

  • This quiz has been taken 8 times
  • The average score is 2 of 5

Answer Stats

Movie% Correct
Blair Witch
100%
The Blair Witch Project
100%
Book of Shadows: Blair Witch 2
20%
Curse of the Blair Witch
20%
Shadow of the Blair Witch
0%

Score Distribution

Percentile by Number Answered

Percent of People with Each Score

Your Score History

You have not taken this quiz